00315nam a2200121Ia 4500008004000000020001700040082001500057100002000072245003000092260003900122300001100161650002100172210210b1997 xxu||||| |||| 00| 0 eng d a0333 92989 6 a658.3 MONM aMONAPPA (Arun). aManaging human resources. aDelhi.bMacmillan India Ltd.c1997 axi,286 aHuman Resource